U.S. States With 10 Million People - Sudden Death - Statistics

General Stats
  • This quiz has been taken 292 times
  • The average score is 6 of 10
Answers on the Grid
Answers color-coded by a green-red scale on the quiz's grid according to % correct below.
Arizona
California
Colorado
Florida
Georgia
Hawaii
Illinois
Indiana
Maryland
Massachusetts
Michigan
Minnesota
Missouri
New Jersey
New York
North Carolina
Ohio
Oregon
Pennsylvania
Tennessee
Texas
Virginia
Washington
Wisconsin
 
Answer Stats
Answer % Correct
California
88%
New York
79%
Texas
76%
Florida
71%
Pennsylvania
59%
Illinois
58%
Ohio
39%
Georgia
37%
Michigan
37%
North Carolina
27%
No matching quizzes found
Score Distribution
Percent of People with Each Score
Percentile by Number Answered
Your Score History
You have not taken this quiz